Evaluación participativa del programa de las Oficinas Municipales de las Mujeres: análisis de resultados por provincia

Este documento presenta los resultados del proceso evaluativo externo del Programa de Oficinas Municipales de las Mujeres, del Area de Ciudadanía, Liderazgo y Gestión Local del Instituto Nacional de las Mujeres (INAMU), realizado en el mes de Octubre del 2003 en las siete provincias del país. Se pre...

ver descrição completa

Na minha lista:
Detalhes bibliográficos
Autor principal: Abarca Alpízar, Flor
Formato: Texto
Publicado em: San José: INAMU
Assuntos:
Tags: Adicionar Tag
Sem tags, seja o primeiro a adicionar uma tag!

MARC

LEADER 00000 a a2200000 04500
001 32621
003
040
090 |a 203200  
100 |a Abarca Alpízar, Flor  
245 |a Evaluación participativa del programa de las Oficinas Municipales de las Mujeres: análisis de resultados por provincia  
260 |a San José:   |b INAMU  
300 |a p. irreg.  
520 |a Este documento presenta los resultados del proceso evaluativo externo del Programa de Oficinas Municipales de las Mujeres, del Area de Ciudadanía, Liderazgo y Gestión Local del Instituto Nacional de las Mujeres (INAMU), realizado en el mes de Octubre del 2003 en las siete provincias del país. Se presentan los resultados por provincia, y se describen algunas de las fortalezas, carencias y necesidades de las diferentes oficinas que existen en cada una de ellas  
650 |a MUJERES  
650 |a PROGRAMAS GUBERNAMENTALES  
650 |a PROGRAMAS DE DESARROLLO  
650 |a EVALUACION DE PROGRAMAS  
650 |a EVALUACION DE RECURSOS  
650 |a EVALUACION DE LA AYUDA  
650 |a ESTIMACION DE LAS NECESIDADES  
650 |a COSTA RICA  
999 |c 14671  |d 14671